| LEADER |
00717nam0a2200193 450 |
| 001 |
16823436 |
| 010 |
|
|
|a 978-2-7548-1214-6
|b rel.
|d 20
|
| 100 |
|
|
|a 20150928d2026 u u0frey01 ba
|
| 101 |
0 |
|
|a fre
|
| 102 |
|
|
|a FR
|
| 200 |
0 |
|
|a Vive la marée !
|f un récit à deux têtes et deux mains, une gauche et une droite de David Prudhomme & Pascal Rabaté
|
| 207 |
|
1 |
|a
|
| 210 |
|
|
|a [Paris]
|c Futuropolis
|d DL 2015
|
| 215 |
|
|
|a 1 vol. (119 p.)
|c ill. en coul.
|d 30 cm
|
| 700 |
|
0 |
|a Prudhomme
|b David
|f 1969-....
|4 70
|
| 701 |
|
0 |
|a Rabaté
|b Pascal
|f 1961-....
|4 70
|
| 900 |
|
|
|a Bandes déssinées ADULTE
|
| 901 |
|
|
|a Accessible au prêt
|
| 995 |
|
|
|a Bibliothèque
|c Bibliothèque
|f 024016480
|h 024016480
|k BDA PRU
|o p
|q a
|r az
|e Bibliothèque
|